Statistics for World Capitals Named After Their Countries

Click here to take the quiz!

General Stats

  • This quiz has been taken 69 times
  • The average score is 12 of 20

Answer Stats

Capital% Correct
Kuwait City
92%
Mexico City
90%
Vatican City
85%
Panama City
83%
Luxembourg
81%
Monaco
77%
San Marino
77%
Guatemala City
75%
Singapore
67%
Djibouti
62%
Algiers
54%
Andorra la Vella
54%
Brasília
54%
Tunis
50%
Taipei
42%
São Tomé
38%
Bissau
37%
San Salvador
35%
Santo Domingo
21%
Managua
8%

Score Distribution

Percentile by Number Answered

Percent of People with Each Score

Your Score History

You have not taken this quiz